Новые встречи с геометрией . (ბიბ.ჩანაწერი № 39074)
[ მარტივი ფორმატი ]
| 000 -LEADER | |
|---|---|
| fixed length control field | 00454nam a2200145Ia 4500 |
| 001 - CONTROL NUMBER | |
| control field | 5633 |
| 003 - CONTROL NUMBER IDENTIFIER | |
| control field | GE_BSU |
| 008 - FIXED-LENGTH DATA ELEMENTS--GENERAL INFORMATION | |
| fixed length control field | 181216s||||||||xx |||||||||||||| ||und|| |
| 040 ## - CATALOGING SOURCE | |
| Transcribing agency | GE_BSU |
| 100 ## - MAIN ENTRY--PERSONAL NAME | |
| Personal name | Коксетер Г.С.М., Крейтцер С.Л. |
| 245 ## - TITLE STATEMENT | |
| Title | Новые встречи с геометрией . |
| 245 ## - TITLE STATEMENT | |
| Remainder of title | Коксетер Г.С.М., Крейтцер С |
| 653 ## - INDEX TERM--UNCONTROLLED | |
| Uncontrolled term | - Новые встречи с геометрией |
| 942 ## - ADDED ENTRY ELEMENTS (KOHA) | |
| Koha item type | წიგნი |
არაა ხელმისაწვდომი ეგზემპლარები.
